Kỹ năng thuyết trình hiệu quả
Bộ sách này gồm nhiều quyển sách ngắn, gắn liền với thực tiễn thuộc nhiều chủ đề khác nhau, nhằm giúp bạn phát triển những kỹ năng cá nhân và gặt hái thêm nhiều thành công trong công việc lẫn cuộc sống...
Đã lưu trong:
| Hovedforfatter: | |
|---|---|
| Andre forfattere: | |
| Format: | Bog |
| Sprog: | Vietnamese |
| Udgivet: |
H.
Lao động
2019
|
| Udgivelse: | Tái bản lần thứ 1 |
| Fag: | |
| Tags: |
Tilføj Tag
Ingen Tags, Vær først til at tagge denne postø!
|
| Thư viện lưu trữ: | Thư viện Trường Đại học Nam Cần Thơ |
|---|
| LEADER | 01162nam a22002177a 4500 | ||
|---|---|---|---|
| 001 | NCT_89144 | ||
| 008 | 210414b xxu||||| |||| 00| 0 vie d | ||
| 999 | |c 4393 |d 4393 | ||
| 020 | |a 9786049827754 |c 90000 | ||
| 082 | 0 | 4 | |2 23rd ed. |a 808.5 |b L642 |
| 100 | 1 | |a Lester, Alison | |
| 245 | 1 | 0 | |a Kỹ năng thuyết trình hiệu quả |c Alison Lester; Dương Nhã Vân (dịch) |
| 250 | |a Tái bản lần thứ 1 | ||
| 260 | |a H. |b Lao động |c 2019 | ||
| 300 | |a 204 tr. |b hình vẽ |c 21cm | ||
| 520 | 3 | |a Bộ sách này gồm nhiều quyển sách ngắn, gắn liền với thực tiễn thuộc nhiều chủ đề khác nhau, nhằm giúp bạn phát triển những kỹ năng cá nhân và gặt hái thêm nhiều thành công trong công việc lẫn cuộc sống | |
| 653 | |a Quan hệ công chúng (PR). | ||
| 700 | 1 | |a Dương Nhã Vân |e Dịch | |
| 942 | |2 ddc |c BK | ||
| 952 | |0 0 |1 0 |2 ddc |4 0 |6 808_500000000000000_L642 |7 0 |9 21171 |a 000001 |b 000001 |d 2021-04-14 |o 808.5 L642 |p MD.18422 |r 2021-04-14 |v 90000.00 |w 2021-04-14 |y BK | ||
| 980 | |a Thư viện Trường Đại học Nam Cần Thơ | ||


